|
|
|
|
| LEADER |
00000nab a2200000uu 4500 |
| 001 |
vtls011449768 |
| 003 |
SK-MaSNL |
| 005 |
20260303151353.0 |
| 008 |
230222|1977 xo |||||||||||||||||slo| |
| 015 |
|
|
|a SNBRB
|
| 035 |
|
|
|a (urnnbn)urn:nbn:sk:snk:ar-006b8f
|
| 035 |
|
|
|a (uuid)713931e6-3fe0-4ae7-85e5-86017cd4d0e3
|
| 035 |
|
|
|a urn:nbn:sk:snk-abcm3z
|
| 040 |
|
|
|a SNKBUCL
|b slo
|c SNKBUCL
|e AACR2
|
| 041 |
0 |
|
|a slo
|
| 044 |
|
|
|a xo
|c SK
|
| 100 |
1 |
|
|a Hušták, Ján
|4 aut
|9 486891
|
| 245 |
1 |
0 |
|a Tibor Zalčík päťdesiatročný
|c Ján Hušták
|
| 773 |
0 |
|
|t Životné prostredie : revue pre teóriu a starostlivosť o životné prostredie
|g Roč. 11, č. 1 (1977), s. 52
|
| 954 |
|
|
|a odborná, vedecká literatúra pôvodná (slovenská)
|2 lita
|
| 958 |
|
|
|a OND
|
| 958 |
|
|
|a EUIPO
|
| 958 |
|
|
|a article16
|
| 999 |
|
|
|c 2017397
|d 2019327
|